Regularity of formation of a zone diffusion of saturation at nitration of steel in plasma of the gas discharge; Physical Mesomechanics

Bibliografiske detaljer
Parent link:Physical Mesomechanics
.— 2004.— P. 201
Andre forfattere: Goncharenko I. M., Ivanov Yu. F. Yuriy Fedorovich, Grigorev S. V., Koval N. N. Nikolay Nikolaevich, Shanin P. M., Yng S.-Z.
Summary:В фонде НТБ ТПУ отсутствует
Sprog:russisk
Udgivet: 2004
Fag:
Format: MixedMaterials Book Chapter
KOHA link:https://koha.lib.tpu.ru/cgi-bin/koha/opac-detail.pl?biblionumber=602531

MARC

LEADER 00000naa0a2200000 4500
001 602531
005 20250303124619.0
035 |a (RuTPU)RU\TPU\tpu\28426 
035 |a RU\TPU\tpu\28360 
090 |a 602531 
100 |a 20160601d2004 k||y0rusy50 ca 
101 0 |a rus 
102 |a RU 
200 1 |a Regularity of formation of a zone diffusion of saturation at nitration of steel in plasma of the gas discharge  |f I. M. Goncharenko [et al.] 
333 |a В фонде НТБ ТПУ отсутствует 
461 |t Physical Mesomechanics 
463 |v P. 201  |d 2004 
610 1 |a труды учёных ТПУ 
701 1 |a Goncharenko  |b I. M. 
701 1 |a Ivanov  |b Yu. F.  |c physicist  |c Professor of Tomsk Polytechnic University, Doctor of physical and mathematical sciences  |f 1955-  |g Yuriy Fedorovich  |3 (RuTPU)RU\TPU\pers\33559 
701 1 |a Grigorev  |b S. V. 
701 1 |a Koval  |b N. N.  |c specialist in the field of electronics  |c Professor of Tomsk Polytechnic University, Doctor of technical sciences  |f 1948-  |g Nikolay Nikolaevich  |3 (RuTPU)RU\TPU\pers\34748 
701 1 |a Shanin  |b P. M. 
701 1 |a Yng  |b S.-Z. 
801 1 |a RU  |b 63413507  |c 20160427 
801 2 |a RU  |b 63413507  |c 20160601  |g RCR 
942 |c BK